000 00317nam a22001337a 4500
008 170204b xxu||||| |||| 00| 0 eng d
020 _a9780130131300
041 _aeng
080 _a61
100 _a3
101 _aSHM
245 _aESSENTIALS OF AGGRESSION MANAGEMENT IN HEALTH CARE
_cWILDER, S.S
942 _2udc
_cBK
999 _c4662
_d4662